Statistics for Weird Al Parodies #3

Click here to take the quiz!

General Stats

  • This quiz has been taken 277 times
    (272 since last reset)
  • The average score is 9 of 21

Answer Stats

Parody TitleYearOriginal ArtistOriginal Song% Correct
My Bologna1983The KnackMy Sharona
79%
Ricky1983Toni BasilMickey
75%
She Drives Like Crazy1989Fine Young CannibalsShe Drives Me Crazy
66%
Gump1996The Presidents of the USALump
61%
Living with a Hernia1986James BrownLiving in America
55%
Isle Thing1989Tone LōcWild Thing
53%
I Want a New Duck1985Huey Lewis and the NewsI Want a New Drug
49%
The Brady Bunch1984Men Without HatsThe Safety Dance
47%
Bedrock Anthem1993Red Hot Chili PeppersUnder the Bridge/Give It Away
47%
Beverly Hillbillies1989Dire StraitsMoney for Nothing
45%
Alimony1988Billy IdolMony Mony
44%
Stop Draggin' My Car Around1983Stevie NicksStop Draggin' My Heart Around
43%
Trapped in the Drive-Thru2006R. KellyTrapped in the Closet
41%
Headline News1994Crash Test DummiesMmm Mmm Mmm Mmm
39%
I Lost on Jeopardy1984The Greg Kihn BandJeopardy
36%
Taco Grande1992GerardoRico Suave
35%
Toothless People1986Mick JaggerRuthless People
31%
The Plumbing Song1992Milli VanilliBaby Don't Forget My Number
28%
Six Words Long1988George HarrisonGot My Mind Set on You
20%
Cavity Search1996U2Hold Me, Thrill Me, Kiss Me, Kill Me
13%
Syndicated, Inc.1996Soul AsylumMisery
11%

Score Distribution

Percentile by Number Answered

Percent of People with Each Score

Your Score History

You have not taken this quiz since the last reset